[Event "Politiken Cup 2007"]
[Site "Helsingor"]
[Date "2007.07.23"]
[Round "4.105"]
[White "Suntharalingam, Jathavan"]
[Black "Nielsen, Jens Holm"]
[Result "0-1"]
[WhiteElo "1540"]
[BlackElo "1946"]
[PlyCount "130"]
[EventDate "2007.??.??"]

1. e4 Nc6 2. d4 d5 3. e5 f6 4. Bb5 a6 5. Bxc6+ bxc6 6. Nf3 Bg4 7. Nbd2 fxe5 8.
dxe5 e6 9. h3 Bh5 10. Nf1 Bc5 11. Ng3 Bg6 12. O-O Ne7 13. c3 Nf5 14. Ne2 Qd7
15. b4 Be7 16. a3 c5 17. Bg5 Bxg5 18. Nxg5 h6 19. Nf3 c4 20. Nfd4 Nxd4 21. Qxd4
Bd3 22. Rfe1 Bxe2 23. Rxe2 O-O 24. Qc5 Rf7 25. a4 Rf5 26. a5 Rc8 27. Raa2 Rf7
28. Re1 c6 29. Rae2 Rb8 30. Qd6 Rd8 31. Re3 Qc8 32. Qc5 Rb7 33. Rg3 Rf7 34. Qe3
Kh7 35. Qe2 Rf5 36. h4 c5 37. Qg4 Rg8 38. Qg6+ Kh8 39. bxc5 Qxc5 40. Ree3 Qe7
41. Rg5 Rgf8 42. Rxf5 Rxf5 43. Rg3 Qf7 44. Qxf7 Rxf7 45. Rg6 Re7 46. f4 d4 47.
Kf2 d3 48. Ke3 Kg8 49. Kd2 Kf7 50. Rg3 Rb7 51. Re3 Rb2+ 52. Kd1 Rc2 53. Re4
Rxc3 54. Rd4 Rc2 55. g4 Ke7 56. g5 hxg5 57. hxg5 Kf7 58. Rd7+ Kg6 59. Rd6 Kf5
60. Rd4 g6 61. Ke1 Re2+ 62. Kd1 Re4 63. Rd6 Rxf4 64. Rxa6 c3 65. Rc6 Rf1# 0-1

[Event "Politiken Cup 2007"]
[Site "Helsingor"]
[Date "2007.07.23"]
[Round "4.106"]
[White "Andersen, Dag"]
[Black "Rostgaard, Tobias Valentin"]
[Result "1-0"]
[WhiteElo "1944"]
[BlackElo "1656"]
[PlyCount "133"]
[EventDate "2007.??.??"]

1. d4 Nf6 2. Nf3 g6 3. Bg5 Bg7 4. Nbd2 O-O 5. e3 d6 6. Bd3 c6 7. Qe2 Qa5 8. c3
Bg4 9. Bxf6 Bxf6 10. Ne4 Bg7 11. h3 Bf5 12. g4 Bxe4 13. Bxe4 e5 14. dxe5 dxe5
15. Nd2 Nd7 16. Nc4 Qc7 17. O-O-O Nc5 18. Bc2 b5 19. Nd6 Rad8 20. Ne4 Nxe4 21.
Bxe4 b4 22. c4 Qa5 23. Kb1 Qc5 24. h4 Rxd1+ 25. Rxd1 f5 26. gxf5 gxf5 27. Bc2
e4 28. Bb3 Qe5 29. h5 h6 30. c5+ Kh8 31. Qc2 f4 32. exf4 Qxf4 33. Re1 Qxf2 34.
Qxf2 Rxf2 35. Rxe4 Bxb2 36. Re8+ Kg7 37. Rg8+ Kh7 38. Rc8 Ba3 39. Rc7+ Kh8 40.
Rxc6 Rb2+ 41. Ka1 Kg7 42. Rg6+ Kf8 43. c6 Re2 44. Rd6 Re1+ 45. Bd1 Re8 46. Rxh6
Ke7 47. Kb1 b3 48. axb3 Bc5 49. Bg4 Kd8 50. Rh7 Re7 51. Rh8+ Kc7 52. Bd7 Re1+
53. Kc2 Rh1 54. Be8 Bd6 55. Rh7+ Kb6 56. Rb7+ Ka6 57. b4 Rh2+ 58. Kb3 Rh3+ 59.
Kc4 Rh4+ 60. Kc3 Rh3+ 61. Kd2 Rh2+ 62. Ke3 Rh3+ 63. Kf2 Rh2+ 64. Kg1 Rb2 65.
b5+ Rxb5 66. Rxb5 Kxb5 67. c7+ 1-0

[Event "Politiken Cup 2007"]
[Site "Helsingor"]
[Date "2007.07.23"]
[Round "4.107"]
[White "Ringoir, Guy"]
[Black "Moustgaard, Alvin"]
[Result "1-0"]
[WhiteElo "1938"]
[BlackElo "1607"]
[PlyCount "61"]
[EventDate "2007.??.??"]

1. e4 c5 2. Nc3 Nc6 3. f4 e6 4. Nf3 d5 5. Bb5 a6 6. Bxc6+ bxc6 7. d3 Nf6 8. e5
Nd7 9. Qe2 Nb6 10. b3 Be7 11. O-O O-O 12. Ba3 Rb8 13. Qf2 Nd7 14. Nd2 f5 15.
Na4 Rb5 16. c4 Ra5 17. Bb2 d4 18. Nf3 Rxa4 19. bxa4 a5 20. Bc1 Nb8 21. Bd2 Na6
22. a3 Qc7 23. Rab1 Nb8 24. Rb2 Nd7 25. Rfb1 Bd8 26. Qe1 Re8 27. Rb3 Re7 28.
R1b2 Re8 29. Qb1 Ba6 30. Be1 Qa7 31. Rb7 1-0

[Event "Politiken Cup 2007"]
[Site "Helsingor"]
[Date "2007.07.23"]
[Round "4.108"]
[White "Nielsen, Poul Bang"]
[Black "Erikstad, Olav"]
[Result "0-1"]
[WhiteElo "1506"]
[BlackElo "1936"]
[PlyCount "96"]
[EventDate "2007.??.??"]

1. d3 c6 2. f4 d5 3. Nc3 Bg4 4. Nf3 e6 5. e4 Bc5 6. Be2 d4 7. Nb1 Nf6 8. O-O
Nxe4 9. dxe4 d3+ 10. Kh1 dxe2 11. Qxe2 Nd7 12. b3 Qf6 13. c3 O-O-O 14. a4 h6
15. Ra2 g5 16. b4 Bb6 17. a5 Bc7 18. a6 b6 19. e5 Qf5 20. Bb2 Qxf4 21. g3 Bxf3+
22. Rxf3 Qg4 23. c4 Nxe5 24. Bxe5 Bxe5 25. Nd2 f6 26. Qg2 Rh7 27. b5 c5 28. Rf4
Bxf4 29. Qa8+ Bb8 30. Nf3 Qf5 31. Kg2 Rhd7 32. h3 h5 33. Re2 g4 34. hxg4 hxg4
35. Nh4 Qh7 36. Qc6+ Rc7 37. Qxe6+ Qd7 38. Qxf6 Re8 39. Rf2 Qd3 40. Nf5 Qe4+
41. Kh2 Rh7+ 42. Nh6 Bxg3+ 43. Kxg3 Qe3+ 44. Kg2 Qh3+ 45. Kg1 Re1+ 46. Rf1
Rxf1+ 47. Qxf1 Qxf1+ 48. Kxf1 Rxh6 0-1

[Event "Politiken Cup 2007"]
[Site "Helsingor"]
[Date "2007.07.23"]
[Round "4.109"]
[White "Almer, Julia"]
[Black "Christensen, Christoffer E"]
[Result "1/2-1/2"]
[WhiteElo "1932"]
[BlackElo "1581"]
[PlyCount "64"]
[EventDate "2007.??.??"]

1. e4 e6 2. d4 d5 3. Nd2 Nf6 4. e5 Nfd7 5. Bd3 c5 6. c3 Nc6 7. Ne2 Qb6 8. Nf3
Be7 9. O-O O-O 10. Ng3 cxd4 11. cxd4 f6 12. exf6 Bxf6 13. Be3 Qxb2 14. Re1 Re8
15. Ng5 g6 16. h4 Nf8 17. Re2 Qb6 18. Rb1 Qc7 19. Rc2 a6 20. h5 Qg7 21. h6 Qe7
22. Nf3 Nb4 23. Re2 Nxd3 24. Qxd3 b5 25. Bd2 Qb7 26. Bg5 Qe7 27. Bd2 Qb7 28.
Bg5 Nd7 29. Rbe1 Qb6 30. Bxf6 Nxf6 31. Ne5 Qd6 32. Nxg6 Bd7 1/2-1/2

[Event "Politiken Cup 2007"]
[Site "Helsingor"]
[Date "2007.07.23"]
[Round "4.110"]
[White "Wilsbeck, Jan B"]
[Black "Clausen, Jørgen"]
[Result "1-0"]
[WhiteElo "1925"]
[BlackElo "1543"]
[PlyCount "55"]
[EventDate "2007.??.??"]

1. e4 e5 2. f4 Bd6 3. Nf3 Nc6 4. Bc4 Nf6 5. O-O O-O 6. fxe5 Nxe5 7. Nxe5 Bxe5
8. d4 Bxh2+ 9. Kxh2 Nxe4 10. Qh5 d5 11. Bd3 Nf6 12. Rxf6 g6 13. Qf3 Bg4 14. Qf2
Kg7 15. Bg5 h6 16. Rxf7+ Rxf7 17. Qxf7+ Kxf7 18. Bxd8 Rxd8 19. Nd2 Kf6 20. Re1
c6 21. Kg3 Bf5 22. Bxf5 Kxf5 23. Re7 Rb8 24. Nf3 g5 25. Ne5 h5 26. Rf7+ Ke4 27.
c3 a6 28. Nd7 1-0

[Event "Politiken Cup 2007"]
[Site "Helsingor"]
[Date "2007.07.23"]
[Round "4.111"]
[White "Ryberg, Denis"]
[Black "Reppen, Ellisiv"]
[Result "0-1"]
[WhiteElo "1410"]
[BlackElo "1922"]
[PlyCount "110"]
[EventDate "2007.??.??"]

1. e4 e5 2. Nf3 Nc6 3. Bb5 a6 4. Bxc6 dxc6 5. O-O Bg4 6. h3 Bxf3 7. Qxf3 Nf6 8.
d3 h6 9. Nc3 Qd7 10. Qg3 Qe6 11. Be3 O-O-O 12. Rfd1 Bd6 13. Qf3 g5 14. Qf5 Qxf5
15. exf5 g4 16. h4 Nd5 17. Nxd5 cxd5 18. d4 e4 19. g3 c6 20. c3 Bc7 21. Rdb1
Rd6 22. b4 Rf6 23. a4 Rxf5 24. b5 cxb5 25. axb5 Rf6 26. bxa6 Rxa6 27. Kf1 h5
28. Bd2 f5 29. Rxa6 bxa6 30. Rb4 Rf8 31. c4 Ba5 32. Rb2 Bxd2 33. Rxd2 dxc4 34.
Rc2 f4 35. Rxc4+ Kb7 36. Kg2 fxg3 37. fxg3 e3 38. Rc5 Rf2+ 39. Kg1 Rd2 40. Rxh5
Rd1+ 41. Kg2 e2 42. Re5 e1=Q 43. Rxe1 Rxe1 44. Kf2 Re4 45. d5 a5 46. h5 a4 47.
d6 Kc6 48. h6 Re8 49. h7 a3 50. d7 Kxd7 51. h8=Q Rxh8 52. Kg1 a2 53. Kf2 a1=Q
54. Kg2 Qb2+ 55. Kg1 Rh2 0-1

[Event "Politiken Cup 2007"]
[Site "Helsingor"]
[Date "2007.07.23"]
[Round "4.112"]
[White "Lynge, Torben"]
[Black "Jogvansson, Hjalti Toftum"]
[Result "0-1"]
[WhiteElo "1920"]
[BlackElo "1519"]
[PlyCount "102"]
[EventDate "2007.??.??"]

1. e4 d5 2. exd5 Qxd5 3. Nc3 Qd6 4. Nf3 Nf6 5. d4 a6 6. Bc4 b5 7. Bb3 Bb7 8.
O-O e6 9. Bg5 Nbd7 10. Re1 c5 11. dxc5 Qxd1 12. Raxd1 Bxf3 13. gxf3 Bxc5 14.
Ne4 Nxe4 15. fxe4 Ne5 16. Kg2 f6 17. Bd2 Ke7 18. Bc3 b4 19. Bxe5 fxe5 20. Re2
Bd4 21. Red2 Rhf8 22. f3 Rac8 23. Rd3 Rf6 24. Ba4 Rg6+ 25. Kh1 Rc7 26. f4 Rg4
27. fxe5 Bxe5 28. Rd7+ Rxd7 29. Rxd7+ Kf6 30. Bc6 Rh4 31. Rd2 Bxb2 32. Rf2+ Ke5
33. Rf7 Rf4 34. Rxg7 Kd6 35. Rxh7 Kxc6 36. h4 Rxe4 37. Kg2 Re2+ 38. Kf3 Rxc2
39. h5 Bc3 40. h6 Rxa2 41. Re7 Kd6 42. Rb7 a5 43. Kg3 Rb2 44. h7 Be5+ 45. Kf3
a4 46. Ke4 Bf6 47. Rf7 Bc3 48. Kd3 a3 49. Ra7 Rh2 50. Kc4 a2 51. Ra6+ Kc7 0-1

[Event "Politiken Cup 2007"]
[Site "Helsingor"]
[Date "2007.07.23"]
[Round "4.113"]
[White "Viljanen, Jouko"]
[Black "Gasenova, Ulker"]
[Result "1-0"]
[WhiteElo "1917"]
[BlackElo "1400"]
[PlyCount "85"]
[EventDate "2007.??.??"]

1. d4 d5 2. c4 e6 3. Nc3 Nf6 4. cxd5 exd5 5. Bg5 Be7 6. e3 O-O 7. Bd3 c6 8.
Nge2 Bg4 9. Qc2 Nbd7 10. O-O Qc7 11. f3 Bh5 12. Nf4 Bd6 13. Rac1 h6 14. Bxf6
Nxf6 15. Nb5 Qe7 16. Nxd6 Qxd6 17. Qc5 Qxc5 18. Rxc5 Rfe8 19. Kf2 Re7 20. h3 g5
21. Nxh5 Nxh5 22. h4 Rae8 23. Rc3 Kg7 24. hxg5 Rxe3 25. gxh6+ Kxh6 26. Rh1 Kg5
27. g3 f5 28. f4+ Kh6 29. Bxf5 Re2+ 30. Kf3 Rxb2 31. Bg4 Ree2 32. Bxh5 Rf2+ 33.
Kg4 Rb4 34. Be8+ Kg7 35. Rb3 Rxb3 36. axb3 Rb2 37. Ra1 a6 38. Bxc6 bxc6 39.
Rxa6 Rc2 40. Kg5 Rg2 41. g4 Rc2 42. Ra7+ Kf8 43. f5 1-0

[Event "Politiken Cup 2007"]
[Site "Helsingor"]
[Date "2007.07.23"]
[Round "4.114"]
[White "Gade, Jens"]
[Black "Andersen, Harry"]
[Result "0-1"]
[WhiteElo "1462"]
[BlackElo "1912"]
[PlyCount "96"]
[EventDate "2007.??.??"]

1. f4 d5 2. Nf3 c5 3. e3 Nc6 4. Be2 Nf6 5. O-O d4 6. exd4 Nxd4 7. d3 e6 8. Kh1
h5 9. Nxd4 Qxd4 10. Nc3 Bd7 11. Bf3 O-O-O 12. Ne2 Qd6 13. Bd2 Be7 14. Bc3 Rdg8
15. Be5 Qb6 16. Qd2 Ng4 17. d4 f6 18. dxc5 Bxc5 19. Bd4 Rd8 20. Qc3 Qb4 21.
Qxc5+ Qxc5 22. Bxc5 b6 23. Bb4 Kb8 24. Nc3 Bc8 25. Nd1 Rd4 26. c3 Rd2 27. h3
Ba6 28. Re1 Nh6 29. Rxe6 Nf5 30. a4 Bc4 31. Rc6 Bb3 32. c4 Rc2 33. Be4 Ng3+ 34.
Kg1 Nxe4 35. Nc3 Ng3 36. Bd6+ Ka8 37. Re1 Nf5 38. Nb5 Bxc4 39. Nc3 Bd5 40. Nxd5
Rxc6 41. Ba3 Rd8 42. Ne7 Re8 43. Kf2 Rc2+ 44. Kf3 Nh4+ 45. Ke4 Nxg2 46. Rg1 Rf2
47. f5 Rd8 48. Rc1 Rf4# 0-1

[Event "Politiken Cup 2007"]
[Site "Helsingor"]
[Date "2007.07.23"]
[Round "4.116"]
[White "Jensen, Hans Askov"]
[Black "Korley, Kassa"]
[Result "0-1"]
[WhiteElo "1319"]
[BlackElo "1900"]
[PlyCount "58"]
[EventDate "2007.??.??"]

1. e4 e6 2. d4 d5 3. e5 c5 4. c3 Qb6 5. Nf3 Nc6 6. Qa4 Bd7 7. Bb5 a6 8. Be3
Qxb5 9. Qxb5 axb5 10. dxc5 b4 11. O-O Nge7 12. g4 Ng6 13. Nd4 Ngxe5 14. h3 Nc4
15. Nxc6 Bxc6 16. cxb4 Nxb2 17. Nd2 Na4 18. Bd4 f6 19. Rfe1 Kf7 20. f4 Be7 21.
Nf3 Rab8 22. Re2 Rhe8 23. Rae1 Bf8 24. g5 b6 25. Be5 Rbc8 26. Bd4 bxc5 27. bxc5
Nxc5 28. Re3 Ne4 29. h4 Bd6 0-1

[Event "Politiken Cup 2007"]
[Site "Helsingor"]
[Date "2007.07.23"]
[Round "4.117"]
[White "Brandt, Eivind"]
[Black "Hernandez Castro, Julio Cesar"]
[Result "1-0"]
[WhiteElo "1030"]
[BlackElo "1898"]
[PlyCount "123"]
[EventDate "2007.??.??"]

1. d4 Nf6 2. c4 g6 3. Nc3 Bg7 4. e3 d6 5. Bd3 Nbd7 6. Nf3 c5 7. O-O cxd4 8.
exd4 O-O 9. Re1 b6 10. Be3 Bb7 11. Rc1 Rc8 12. b4 Ng4 13. Bd2 e5 14. Nb5 Ndf6
15. h3 e4 16. Bxe4 Nxf2 17. Kxf2 Nxe4+ 18. Kg1 a6 19. Na3 Nxd2 20. Qxd2 Bxf3
21. gxf3 Qf6 22. Re3 Qxd4 23. Rd1 Qxd2 24. Rxd2 Bh6 25. Red3 Bxd2 26. Rxd2 Rfe8
27. Kf2 Re6 28. b5 a5 29. Rd4 Rce8 30. Nb1 Re2+ 31. Kg3 Rc2 32. Rxd6 Rxc4 33.
Rxb6 Rb4 34. Nc3 Rc8 35. Nd5 Rcc4 36. Nxb4 Rxb4 37. Rb8+ Kg7 38. b6 a4 39. b7
a3 40. h4 h5 41. Kf2 Kf6 42. Ke3 Ke7 43. Kd3 Kd7 44. Rf8 Rxb7 45. Rxf7+ Kc8 46.
Rxb7 Kxb7 47. f4 Kc6 48. Kc4 Kd6 49. Kb4 Ke6 50. Kxa3 Kf5 51. Kb3 Kxf4 52. a4
Kg4 53. a5 Kxh4 54. a6 g5 55. a7 Kg3 56. a8=Q h4 57. Qb8+ Kh3 58. Kc3 g4 59.
Kd2 Kg2 60. Qf4 Kh3 61. Ke2 g3 62. Kf3 1-0

[Event "Politiken Cup 2007"]
[Site "Helsingor"]
[Date "2007.07.23"]
[Round "4.118"]
[White "Schmidt, Horst Hubert"]
[Black "Johansen, Stian"]
[Result "1-0"]
[WhiteElo "1896"]
[BlackElo "1000"]
[PlyCount "77"]
[EventDate "2007.??.??"]

1. e4 e6 2. d4 d5 3. e5 c5 4. c3 Nc6 5. Be3 Qb6 6. Qd2 Bd7 7. Nf3 f6 8. Be2
cxd4 9. cxd4 Rc8 10. O-O Bb4 11. Nc3 Nce7 12. Rac1 Nf5 13. a3 Nxe3 14. Qxe3
Bxc3 15. Rxc3 Qxb2 16. Rb3 Qc2 17. Bd3 Qc7 18. Rfb1 b6 19. Ba6 Rb8 20. Rc3 Qd8
21. Rbc1 Ne7 22. exf6 gxf6 23. Qh6 b5 24. Qxf6 Rf8 25. Qe5 Qb6 26. Qc7 Qxc7 27.
Rxc7 Rb6 28. Rxa7 Nc6 29. Rxc6 Rxc6 30. h4 Rd6 31. Ne5 Rf4 32. Nxd7 Rxd7 33.
Bxb5 Rff7 34. f4 Kd8 35. Bxd7 Rxd7 36. Rxd7+ Kxd7 37. g4 Ke7 38. Kf2 Kf6 39.
Ke3 1-0

[Event "Politiken Cup 2007"]
[Site "Helsingor"]
[Date "2007.07.23"]
[Round "4.119"]
[White "Hobber, Anders"]
[Black "Percivaldi, Martin"]
[Result "1-0"]
[WhiteElo "1954"]
[BlackElo "1000"]
[PlyCount "113"]
[EventDate "2007.??.??"]

1. Nf3 Nf6 2. d4 d5 3. e3 c6 4. c4 e6 5. Nc3 Bd6 6. Qc2 Qc7 7. Bd3 O-O 8. O-O
Nbd7 9. e4 b6 10. e5 dxc4 11. Bxc4 Ng4 12. exd6 Qxd6 13. h3 Ngf6 14. Bg5 e5 15.
Bxf6 gxf6 16. Rad1 Qe7 17. Rfe1 Kh8 18. Qe2 Re8 19. Qe3 b5 20. Bd3 Rg8 21. dxe5
fxe5 22. Nxe5 Qf6 23. Nxd7 Bxd7 24. Qe5 Qxe5 25. Rxe5 Bxh3 26. g3 b4 27. Rh5
Rg7 28. Rxh3 bxc3 29. bxc3 Rd8 30. Bc2 Re8 31. Kg2 Kg8 32. Rh6 Rc8 33. Rdd6 Kf8
34. Rxc6 Re8 35. Rxh7 Rg8 36. Rc7 Re7 37. Rxe7 Kxe7 38. Rxf7+ Kxf7 39. Bb3+ Kg7
40. Bxg8 Kxg8 41. Kf3 Kg7 42. Ke4 Kf6 43. c4 Ke6 44. g4 Ke7 45. g5 Kf7 46. c5
Ke6 47. g6 Kf6 48. c6 Ke7 49. g7 Kd6 50. g8=Q Kxc6 51. Qd5+ Kb6 52. Kd4 Kc7 53.
Qe6 Kb7 54. Kc5 Kc7 55. Qe7+ Kb8 56. Kc6 Ka8 57. Qb7# 1-0

[Event "Politiken Cup 2007"]
[Site "Helsingor"]
[Date "2007.07.23"]
[Round "4.120"]
[White "Fjellengen, Baard"]
[Black "Hinman, Chris"]
[Result "1/2-1/2"]
[WhiteElo "1899"]
[BlackElo "1478"]
[PlyCount "46"]
[EventDate "2007.??.??"]

1. e4 c5 2. Nf3 Nc6 3. Nc3 d6 4. d4 cxd4 5. Nxd4 Nf6 6. Be2 e6 7. Be3 Be7 8.
O-O O-O 9. Nxc6 bxc6 10. e5 Nd5 11. Nxd5 cxd5 12. Bf4 dxe5 13. Bxe5 f6 14. Bg3
a5 15. Bf3 Qb6 16. c4 Bb7 17. cxd5 Rad8 18. Qc2 Bxd5 19. Bc7 Rc8 20. Bxb6 Rxc2
21. Bxd5 exd5 22. Bd4 Bc5 23. Bxc5 Rxc5 1/2-1/2

[Event "Politiken Cup 2007"]
[Site "Helsingor"]
[Date "2007.07.23"]
[Round "4.121"]
[White "Jeppesen, Asger Sandahl"]
[Black "Persson, Borje"]
[Result "0-1"]
[WhiteElo "1607"]
[BlackElo "1804"]
[PlyCount "48"]
[EventDate "2007.??.??"]

1. e4 c5 2. Nf3 e6 3. d4 cxd4 4. Nxd4 a6 5. Be2 Nf6 6. Bf3 Qc7 7. O-O d6 8. Re1
Be7 9. Be3 O-O 10. Nc3 Nbd7 11. Be2 b5 12. a3 Bb7 13. f3 d5 14. exd5 Nxd5 15.
Nxd5 Bxd5 16. Kh1 Rac8 17. c3 Nb6 18. Bd3 Rfd8 19. Qc2 g6 20. Qf2 Na4 21. Reb1
e5 22. Nxb5 axb5 23. Bxb5 Qa5 24. Bf1 Bb3 0-1

[Event "Politiken Cup 2007"]
[Site "Helsingor"]
[Date "2007.07.23"]
[Round "4.122"]
[White "van Veelen, Jouke"]
[Black "Nilsson, Ulf"]
[Result "1/2-1/2"]
[WhiteElo "1565"]
[BlackElo "1800"]
[PlyCount "39"]
[EventDate "2007.??.??"]

1. Nf3 Nf6 2. d4 e6 3. c4 Bb4+ 4. Bd2 Bxd2+ 5. Nbxd2 O-O 6. e4 d6 7. Bd3 e5 8.
dxe5 dxe5 9. Nxe5 Qd4 10. Ndf3 Qxb2 11. O-O Na6 12. Re1 Nc5 13. Re2 Qb6 14. Rb1
Qd6 15. Rd2 Qe7 16. Qe2 h6 17. Rbd1 Be6 18. Nd4 Nxd3 19. Rxd3 Rad8 20. Nxe6
1/2-1/2

[Event "Politiken Cup 2007"]
[Site "Helsingor"]
[Date "2007.07.23"]
[Round "4.123"]
[White "Szalai, Janos"]
[Black "Christensen, Simon Ellegaard"]
[Result "0-1"]
[WhiteElo "1784"]
[BlackElo "1508"]
[PlyCount "80"]
[EventDate "2007.??.??"]

1. e4 e6 2. d4 d5 3. Nc3 Nf6 4. e5 Nfd7 5. f4 c5 6. Nf3 Nc6 7. Be3 Be7 8. Qd2
Qc7 9. g4 cxd4 10. Nxd4 Nxd4 11. Bxd4 b6 12. O-O-O Bb7 13. h4 a6 14. Bg2 b5 15.
Qe3 Rc8 16. Rd2 Nc5 17. Kb1 b4 18. Ne2 a5 19. Nc1 a4 20. h5 Qa5 21. Rh3 Ba6 22.
f5 Qc7 23. f6 gxf6 24. exf6 Bd6 25. Bxd5 Bf4 26. Bc6+ Kf8 27. Bxc5+ Kg8 28. Bd6
Bxe3 29. Bxc7 Bxd2 30. Rh2 Bg5 31. Bd6 Rxc6 32. Bxb4 Bxf6 33. g5 Bxg5 34. Bc3
f6 35. Rg2 h6 36. Bxf6 Rh7 37. Bxg5 Rg7 38. Rd2 Rxg5 39. Rd8+ Kf7 40. Rd4 Rg1
0-1

[Event "Politiken Cup 2007"]
[Site "Helsingor"]
[Date "2007.07.23"]
[Round "4.124"]
[White "Hirneise, Lothar"]
[Black "Palvig, David Kinch"]
[Result "0-1"]
[WhiteElo "1450"]
[BlackElo "1741"]
[PlyCount "40"]
[EventDate "2007.??.??"]

1. d4 d5 2. c4 e6 3. Nc3 Nf6 4. cxd5 exd5 5. Bg5 c6 6. Qc2 Be6 7. e3 Nbd7 8.
Bd3 Be7 9. Nf3 a6 10. h3 Qc7 11. O-O-O O-O-O 12. g4 h5 13. gxh5 Rxh5 14. h4
Rdh8 15. Rdg1 g6 16. e4 dxe4 17. Nxe4 Nxe4 18. Bxe7 Qf4+ 19. Kb1 Qxf3 20. Bxe4
Qxe4 0-1

[Event "Politiken Cup 2007"]
[Site "Helsingor"]
[Date "2007.07.23"]
[Round "4.125"]
[White "Nielsen, Martin Skovso"]
[Black "Rolvaag, Birk Anders"]
[Result "1/2-1/2"]
[WhiteElo "1735"]
[BlackElo "1320"]
[PlyCount "27"]
[EventDate "2007.??.??"]

1. e4 c5 2. Nf3 Nc6 3. d4 cxd4 4. Bc4 d6 5. O-O Nf6 6. Re1 Bg4 7. Be2 Nxe4 8.
Nxd4 Bxe2 9. Rxe2 Nf6 10. Nf5 e6 11. Bf4 e5 12. Nc3 g6 13. Nh6 Qd7 14. Nb5
1/2-1/2

[Event "Politiken Cup 2007"]
[Site "Helsingor"]
[Date "2007.07.23"]
[Round "4.126"]
[White "Olafsson, Olafur Junior"]
[Black "Eiholt, Bjarne"]
[Result "0-1"]
[WhiteElo "1300"]
[BlackElo "1647"]
[PlyCount "56"]
[EventDate "2007.??.??"]

1. e4 c6 2. d4 d5 3. e5 Bf5 4. Bd3 Bxd3 5. Qxd3 e6 6. Be3 Qb6 7. b3 c5 8. Nf3
Nc6 9. O-O cxd4 10. Bxd4 Nxd4 11. Nxd4 Bc5 12. Qb5+ Qxb5 13. Nxb5 Rc8 14. c3 a6
15. Nd4 Ne7 16. Nd2 O-O 17. Rfc1 Rc7 18. Ne2 Rfc8 19. Rc2 Nf5 20. c4 b5 21. Nf3
h6 22. g4 Ne7 23. Ned4 Ba3 24. Kg2 dxc4 25. bxc4 Rxc4 26. Rd2 Nd5 27. h3 Bb4
28. Rd3 Nf4+ 0-1

[Event "Politiken Cup 2007"]
[Site "Helsingor"]
[Date "2007.07.23"]
[Round "4.127"]
[White "Baldursson, Gestur"]
[Black "Edakina, Maria"]
[Result "1/2-1/2"]
[WhiteElo "1625"]
[BlackElo "1281"]
[PlyCount "131"]
[EventDate "2007.??.??"]

1. e4 e6 2. d4 d5 3. Nc3 Nf6 4. e5 Nfd7 5. Nf3 c5 6. Be3 Nc6 7. Be2 cxd4 8.
Bxd4 a6 9. O-O Qc7 10. Re1 g6 11. Qd2 Nxd4 12. Qxd4 Bg7 13. Bf1 O-O 14. Re3 Qd8
15. Rae1 Bh6 16. R3e2 Qe7 17. g3 b5 18. Nd1 b4 19. Ne3 a5 20. Ng4 Bg7 21. c4
dxc4 22. Rc2 Bb7 23. Nd2 h5 24. Ne3 Nxe5 25. Qh4 Qxh4 26. gxh4 b3 27. axb3 cxb3
28. Rc7 Nf3+ 29. Nxf3 Bxf3 30. Bg2 Bxg2 31. Kxg2 a4 32. Re2 Rfc8 33. Rd7 Rd8
34. Rc7 Rd4 35. Nc4 Rxh4 36. Rd2 Rd4 37. Re2 Rad8 38. h3 R4d7 39. Rc6 Rd4 40.
Rc7 Rf4 41. Kg3 g5 42. Ne5 Bxe5 43. Rxe5 Rd5 44. Rxg5+ Rxg5+ 45. Kxf4 Rf5+ 46.
Ke3 Rb5 47. Ra7 Rb4 48. Ra5 Rh4 49. Ke2 f5 50. Ra7 Rxh3 51. Rxa4 Kf7 52. Rb4 e5
53. Rb6 e4 54. Ke1 Kg7 55. Ke2 Rd3 56. Kf1 h4 57. Kg2 h3+ 58. Kh2 Rf3 59. Kg1
h2+ 60. Kg2 Rxf2+ 61. Kh1 Rxb2 62. Rg6+ Kf8 63. Rf6+ Ke8 64. Re6+ Kd7 65. Rd6+
Kc7 66. Rc6+ 1/2-1/2

[Event "Politiken Cup 2007"]
[Site "Helsingor"]
[Date "2007.07.23"]
[Round "4.128"]
[White "Wilhelm, Holger"]
[Black "Larsen, Bror Johannes"]
[Result "1-0"]
[WhiteElo "1690"]
[BlackElo "1048"]
[PlyCount "133"]
[EventDate "2007.??.??"]

1. d4 Nf6 2. c4 d6 3. Nc3 g6 4. Bg5 Bg7 5. Nf3 O-O 6. e3 Bf5 7. Bd3 Bxd3 8.
Qxd3 c5 9. dxc5 dxc5 10. Qxd8 Rxd8 11. Ke2 Nc6 12. Rhd1 Rxd1 13. Rxd1 Rd8 14.
Rxd8+ Nxd8 15. b3 e6 16. Kd3 Nc6 17. a3 b6 18. h3 Nd7 19. Nb5 Bf6 20. Bxf6 Nxf6
21. g4 Kf8 22. g5 Nd7 23. h4 Nde5+ 24. Nxe5 Nxe5+ 25. Ke4 Nc6 26. f4 Ke7 27.
Kd3 Kd7 28. Nc3 Ne7 29. e4 Kc6 30. Ke3 a6 31. a4 Kd6 32. Kf3 Kc6 33. Kg4 Kd6
34. h5 Ng8 35. e5+ Kc6 36. Ne4 b5 37. a5 Ne7 38. Nd6 Nf5 39. h6 Nxd6 40. exd6
Kxd6 41. Kf3 bxc4 42. bxc4 e5 43. Ke4 exf4 44. Kxf4 Ke6 45. Ke4 f5+ 46. gxf6
Kxf6 47. Kd5 g5 48. Kxc5 g4 49. Kd4 g3 50. Ke3 g2 51. Kf2 Ke5 52. Kxg2 Kd4 53.
Kg3 Kxc4 54. Kg4 Kb5 55. Kg5 Kxa5 56. Kf6 Kb4 57. Kg7 a5 58. Kxh7 a4 59. Kg8 a3
60. h7 a2 61. h8=Q Kb3 62. Qa1 Ka3 63. Kf7 Kb3 64. Ke6 Ka3 65. Kd5 Kb3 66. Kd4
Ka3 67. Kc3 1-0

[Event "Politiken Cup 2007"]
[Site "Helsingor"]
[Date "2007.07.23"]
[Round "4.129"]
[White "Larsen, Alex"]
[Black "Preuss, Flemming"]
[Result "0-1"]
[WhiteElo "1336"]
[BlackElo "2013"]
[PlyCount "70"]
[EventDate "2007.??.??"]

1. d4 f5 2. Nf3 Nf6 3. c3 b6 4. Bg5 e6 5. Nbd2 Bb7 6. Qc2 d5 7. e3 Be7 8. Be2
O-O 9. O-O Nbd7 10. a4 c5 11. b3 Rc8 12. Qb2 Qc7 13. Bf4 Bd6 14. Bxd6 Qxd6 15.
a5 Ne4 16. Bb5 Bc6 17. Bxc6 Rxc6 18. axb6 axb6 19. Ra7 Rc7 20. Rfa1 Rfc8 21.
Ra8 Qc6 22. Rxc8+ Rxc8 23. Ra7 h6 24. Nxe4 fxe4 25. Ne5 Nxe5 26. dxe5 d4 27.
Kf1 d3 28. c4 Rd8 29. Qd2 b5 30. g4 b4 31. Kg2 Ra8 32. Rxa8+ Qxa8 33. Kg3 Qa3
34. f3 Qxb3 35. fxe4 Qc2 0-1

[Event "Politiken Cup 2007"]
[Site "Helsingor"]
[Date "2007.07.23"]
[Round "4.130"]
[White "Edwardsson, Hannu Kalervo"]
[Black "Werner, Gert"]
[Result "0-1"]
[WhiteElo "1300"]
[BlackElo "2003"]
[PlyCount "52"]
[EventDate "2007.??.??"]

1. e4 g6 2. c4 Bg7 3. Nf3 c5 4. Be2 Nc6 5. O-O Nf6 6. d3 d6 7. h3 e5 8. Be3 Nh5
9. Nc3 h6 10. Nh2 Nf4 11. Bxf4 exf4 12. Bg4 Bxg4 13. Nxg4 h5 14. Nh2 Qd7 15.
Nf3 O-O-O 16. Rb1 Kb8 17. a3 f6 18. Nd5 g5 19. Nd2 Ne5 20. b4 cxb4 21. Nxb4 Ka8
22. d4 Ng6 23. Nb3 g4 24. hxg4 hxg4 25. c5 Bf8 26. Na5 Qh7 0-1

[Event "Politiken Cup 2007"]
[Site "Helsingor"]
[Date "2007.07.23"]
[Round "4.131"]
[White "Braüner, Jonathan"]
[Black "Hansen, Henrik Damgaard"]
[Result "1/2-1/2"]
[WhiteElo "1284"]
[BlackElo "1904"]
[PlyCount "59"]
[EventDate "2007.??.??"]

1. d4 Nf6 2. Nf3 b6 3. Bf4 Bb7 4. c4 e6 5. a3 c5 6. e3 cxd4 7. exd4 Be7 8. Nc3
O-O 9. Bd3 d5 10. cxd5 Nxd5 11. Nxd5 Bxd5 12. Qc2 g6 13. Bh6 Re8 14. O-O Nc6
15. Be4 Rc8 16. Qe2 Bf6 17. Rfd1 Bxe4 18. Qxe4 Qd5 19. Qxd5 exd5 20. Rac1 Na5
21. h3 Nc4 22. Rc2 Nd6 23. Rxc8 Rxc8 24. Rc1 Rxc1+ 25. Bxc1 Kf8 26. Kf1 Ke8 27.
Ke2 Kd7 28. Kd3 Ne4 29. Be3 h5 30. Nd2 1/2-1/2

[Event "Politiken Cup 2007"]
[Site "Helsingor"]
[Date "2007.07.23"]
[Round "4.132"]
[White "Kristensen, Steffen Michael"]
[Black "Traustason, Ingi Tandri"]
[Result "0-1"]
[WhiteElo "1250"]
[BlackElo "1782"]
[PlyCount "86"]
[EventDate "2007.??.??"]

1. e4 c5 2. Nf3 d6 3. Bc4 e6 4. O-O Ne7 5. d4 cxd4 6. Nxd4 Ng6 7. Bb5+ Bd7 8.
Bxd7+ Nxd7 9. Nb5 Qb6 10. N1c3 a6 11. Be3 Qc6 12. Nd4 Qc7 13. a4 Be7 14. f4
Ngf8 15. f5 Nf6 16. fxe6 Nxe6 17. Nf5 g6 18. Nxe7 Qxe7 19. Nd5 Nxd5 20. exd5
Ng7 21. Bd4 O-O 22. Bf6 Qe3+ 23. Kh1 Rfe8 24. Bd4 Qe2 25. Qxe2 Rxe2 26. Rf2
Rae8 27. Rxe2 Rxe2 28. Rc1 Nf5 29. Bc3 Ne3 30. Re1 Rxe1+ 31. Bxe1 Nxc2 32. Bg3
Ne3 33. Bf4 Nxd5 34. Bxd6 Kg7 35. b4 Kf6 36. b5 a5 37. Bc5 b6 38. Ba3 Ke5 39.
Bb2+ Ke4 40. g3 Kd3 41. Be5 Nc3 42. Bc7 Nxa4 43. Kg2 Kc4 0-1

[Event "Politiken Cup 2007"]
[Site "Helsingor"]
[Date "2007.07.23"]
[Round "4.133"]
[White "Madsen, Tobias Juul"]
[Black "Larsen, Bjarke"]
[Result "1-0"]
[WhiteElo "1651"]
[BlackElo "1395"]
[PlyCount "20"]
[EventDate "2007.??.??"]

1. e4 c6 2. d4 d5 3. Nd2 Qb6 4. Ngf3 Bg4 5. e5 e6 6. Be2 Nd7 7. O-O c5 8. c3
Nh6 9. Nb3 Nf5 10. Rb1 Be7 1-0